<?xml version="1.0" encoding="UTF-8"?>
<record
    xmlns:xsi="http://www.w3.org/2001/XMLSchema-instance"
    xsi:schemaLocation="http://www.loc.gov/MARC21/slim http://www.loc.gov/standards/marcxml/schema/MARC21slim.xsd"
    xmlns="http://www.loc.gov/MARC21/slim">

  <leader>01773nam a22002657a 4500</leader>
  <controlfield tag="005">20190814115606.0</controlfield>
  <controlfield tag="008">170505b        pe||||| |||| 00| 0 spa d</controlfield>
  <datafield tag="040" ind1=" " ind2=" ">
    <subfield code="a">UTEA</subfield>
  </datafield>
  <datafield tag="041" ind1=" " ind2=" ">
    <subfield code="a">Es</subfield>
  </datafield>
  <datafield tag="044" ind1=" " ind2=" ">
    <subfield code="a">PE</subfield>
  </datafield>
  <datafield tag="082" ind1=" " ind2=" ">
    <subfield code="a">370.15</subfield>
    <subfield code="b">O77</subfield>
  </datafield>
  <datafield tag="100" ind1=" " ind2=" ">
    <subfield code="a">Ponce Chirinos, Alfredo</subfield>
    <subfield code="e">Autor</subfield>
  </datafield>
  <datafield tag="245" ind1=" " ind2=" ">
    <subfield code="a">Psicolog&#xED;a del Aprendizaje</subfield>
    <subfield code="c">Alfredo Ponce Chirinos</subfield>
  </datafield>
  <datafield tag="250" ind1=" " ind2=" ">
    <subfield code="a">a edici&#xF3;n</subfield>
  </datafield>
  <datafield tag="260" ind1=" " ind2=" ">
    <subfield code="a">Lima - Per&#xFA;</subfield>
    <subfield code="b">Centro de Elaboraci&#xF3;n de Material Educativo</subfield>
    <subfield code="c">1987</subfield>
  </datafield>
  <datafield tag="300" ind1=" " ind2=" ">
    <subfield code="a">112 p&#xE1;ginas.</subfield>
    <subfield code="c">14 x 20 cm.</subfield>
  </datafield>
  <datafield tag="505" ind1=" " ind2=" ">
    <subfield code="a">El aprendizaje -- Relaci&#xF3;n entre ejecuci&#xF3;n y aprendizaje -- Bases fisiol&#xF3;gicas del aprendizaje -- Anatom&#xED;a fisiolog&#xED;a de la corteza cerebral -- Estructura funcional y &#xE1;reas corticales -- Territorios corticales de proyecci&#xF3;n centros receptores -- Bases moleculares del aprendizaje -- Teor&#xED;a del condicionamiento cl&#xE1;sico o reflejo condicionado -- Proceso o formaci&#xF3;n del reflejo condicionado -- Teor&#xED;a del aprendizaje instrumental -- Teor&#xED;a del condicionamiento operante -- Rasgos del condicionamiento operante -- Teor&#xED;a del modela miento -- Principios fundamentales del condicionamiento cl&#xE1;sico y operante</subfield>
  </datafield>
  <datafield tag="520" ind1=" " ind2=" ">
    <subfield code="a">Este libro trata de la definici&#xF3;n de psicolog&#xED;a educativa. La psicolog&#xED;a educativa es una rama de la psicolog&#xED;a cuyo objeto de estudio son las formas en las que se produce el aprendizaje humano dentro de los centros educativos. De esta forma, la psicolog&#xED;a educativa estudia c&#xF3;mo aprenden los estudiantes y en qu&#xE9; forma se desarrollan.</subfield>
  </datafield>
  <datafield tag="650" ind1=" " ind2="0">
    <subfield code="a">PSICOLOG&#xCD;A DEL APRENDIZAJE</subfield>
  </datafield>
  <datafield tag="650" ind1=" " ind2="0">
    <subfield code="a">PROCESOS DE FORMACI&#xD3;N</subfield>
    <subfield code="9">5703</subfield>
  </datafield>
  <datafield tag="650" ind1=" " ind2="0">
    <subfield code="a">ESTRUCTURA FUNCIONAL</subfield>
    <subfield code="9">5704</subfield>
  </datafield>
  <datafield tag="653" ind1=" " ind2=" ">
    <subfield code="a">EDUCACI&#xD3;N</subfield>
    <subfield code="a">APRENDIZAJE</subfield>
    <subfield code="a">FORMACI&#xD3;N</subfield>
  </datafield>
  <datafield tag="700" ind1=" " ind2=" ">
    <subfield code="a">Edilberto N. Saavedra Alem&#xE1;n</subfield>
    <subfield code="e">Coautor</subfield>
  </datafield>
  <datafield tag="942" ind1=" " ind2=" ">
    <subfield code="2">ddc</subfield>
    <subfield code="c">BK</subfield>
    <subfield code="z">Celinda Molina Chirinos</subfield>
  </datafield>
  <datafield tag="952" ind1=" " ind2=" ">
    <subfield code="0">0</subfield>
    <subfield code="1">0</subfield>
    <subfield code="2">ddc</subfield>
    <subfield code="4">0</subfield>
    <subfield code="7">0</subfield>
    <subfield code="8">EPEF2</subfield>
    <subfield code="a">BABA</subfield>
    <subfield code="b">BABA</subfield>
    <subfield code="c">SALA2</subfield>
    <subfield code="e">CP</subfield>
    <subfield code="i">01855</subfield>
    <subfield code="o">370.15 P77 1987</subfield>
    <subfield code="p">BABA17050038</subfield>
    <subfield code="t">ej.1</subfield>
    <subfield code="w">2017-05-05</subfield>
    <subfield code="y">BK</subfield>
    <subfield code="k">05/05/2017</subfield>
  </datafield>
  <datafield tag="999" ind1=" " ind2=" ">
    <subfield code="c">922</subfield>
    <subfield code="d">922</subfield>
  </datafield>
</record>
